ISDN technology / (Record no. 194720)

000 -LEADER
fixed length control field 01027 a2200229 4500
003 - CONTROL NUMBER IDENTIFIER
control field Nust
005 - DATE AND TIME OF LATEST TRANSACTION
control field 20221207110103.0
010 ## - LIBRARY OF CONGRESS CONTROL NUMBER
LC control number 92038821
020 ## - INTERNATIONAL STANDARD BOOK NUMBER
International Standard Book Number 0412431807
040 ## - CATALOGING SOURCE
Transcribing agency Nust
082 00 - DEWEY DECIMAL CLASSIFICATION NUMBER
Classification number 621.382,BRE
100 1# - MAIN ENTRY--PERSONAL NAME
Personal name Brewster, R. L.
9 (RLIN) 104315
245 10 - TITLE STATEMENT
Title ISDN technology /
Statement of responsibility, etc. R.L. Brewster.
250 ## - EDITION STATEMENT
Edition statement 1st ed.
260 ## - PUBLICATION, DISTRIBUTION, ETC.
Place of publication, distribution, etc. London ;
-- New York :
Name of publisher, distributor, etc. Chapman & Hall,
Date of publication, distribution, etc. 1993.
300 ## - PHYSICAL DESCRIPTION
Extent x, 126 p. :
Other physical details ill. ;
Dimensions 24 cm.
505 ## - FORMATTED CONTENTS NOTE
Formatted contents note Introduction (Page-1), Pulse Code Modulation (Page-5), Digital Switching (Page-20), Packet Switched Networks (Page-32), Integrated Digital Network (Page-42), Digital Local Access (Page-52), ISDN Services and Protocols (Page-62), Broadband ISDN (Page-77), ATM (Page-84), Integrated Network Services (Page-103).
650 #0 - SUBJECT ADDED ENTRY--TOPICAL TERM
Topical term or geographic name entry element Telecommunication Engineering
856 42 - ELECTRONIC LOCATION AND ACCESS
Materials specified Publisher description
Uniform Resource Identifier <a href="http://www.loc.gov/catdir/enhancements/fy0823/92038821-d.html">http://www.loc.gov/catdir/enhancements/fy0823/92038821-d.html</a>
856 42 - ELECTRONIC LOCATION AND ACCESS
Materials specified Table of contents only
Uniform Resource Identifier <a href="http://www.loc.gov/catdir/enhancements/fy0823/92038821-t.html">http://www.loc.gov/catdir/enhancements/fy0823/92038821-t.html</a>
942 ## - ADDED ENTRY ELEMENTS (KOHA)
Source of classification or shelving scheme
Koha item type Book
Holdings
Withdrawn status Lost status Source of classification or shelving scheme Damaged status Not for loan Permanent Location Current Location Shelving location Date acquired Full call number Barcode Date last seen Price effective from Koha item type Public note
          Military College of Signals (MCS) Military College of Signals (MCS) General Stacks 12/12/2016 621.382,BRE MCS36264 12/08/2016 12/12/2016 Book Almirah No.35, Shelf No.1
© 2023 Central Library, National University of Sciences and Technology. All Rights Reserved.